Part L2A's ambiguous message suggests that air conditioning can save the planet (Record no. 80888)

MARC details
000 -LEADER
fixed length control field 01377cab a22002415a 4500
001 - CONTROL NUMBER
control field L145597
008 - FIXED-LENGTH DATA ELEMENTS--GENERAL INFORMATION
fixed length control field 081024s2008 xxkado f 000 0 eng d
035 ## - SYSTEM CONTROL NUMBER
System control number (Sirsi) u145597
041 0# - LANGUAGE CODE
Language code of text/sound track or separate title eng
100 1# - MAIN ENTRY--PERSONAL NAME
Personal name Payne, Terry
245 00 - TITLE STATEMENT
Title Part L2A's ambiguous message suggests that air conditioning can save the planet
260 ## - PUBLICATION, DISTRIBUTION, ETC.
Date of publication, distribution, etc. 2008
490 ## - SERIES STATEMENT
Series statement Building Engineer
Volume/sequential designation 83 (10) October 2008, 16-17 (2)
520 ## - SUMMARY, ETC.
Summary, etc. Discusses the ambiguity between the requirements of Building Regulations part L2A and the advantages of natural ventilation. Explains that it is easier for an air conditioned building to reach the target of reduction on carbon dioxide recommended by the Energy Performance of Buildings Directive (EPBD) than a naturally ventilated building. Reports that to resolve this incoherence, the Natural Ventilation Group of the Chartered Institution of Building Services Engineers proposed its representations to the Government and recommended natural ventilation for its reduced energy use.
590 ## - LOCAL NOTE (RLIN)
Local note KA
650 24 - SUBJECT ADDED ENTRY--TOPICAL TERM
Topical term or geographic name entry element BUILDING REGULATIONS 2000 APPROVED DOCUMENT L2A (2006 EDITION)
650 24 - SUBJECT ADDED ENTRY--TOPICAL TERM
Topical term or geographic name entry element DIRECTIVE 2002/91/EC
651 #4 - SUBJECT ADDED ENTRY--GEOGRAPHIC NAME
Geographic name England and Wales
Chronological subdivision 1543-
690 ## - LOCAL SUBJECT ADDED ENTRY--TOPICAL TERM (OCLC, RLIN)
Topical term or geographic name as entry element Building regulations
9 (RLIN) 6224
690 ## - LOCAL SUBJECT ADDED ENTRY--TOPICAL TERM (OCLC, RLIN)
Topical term or geographic name as entry element BUILT ENVIRONMENT-SUSTAINABLE CONSTRUCTION
690 ## - LOCAL SUBJECT ADDED ENTRY--TOPICAL TERM (OCLC, RLIN)
Topical term or geographic name as entry element ENVIRONMENTAL AND LAND CONSULTANCY-ENERGY-ENERGY USE-ENERGY EFFICIENCY
942 ## - ADDED ENTRY ELEMENTS (KOHA)
Suppress in OPAC 0
Holdings
Withdrawn status Lost status Source of classification or shelving scheme Damaged status Not for loan Home library Current library Shelving location Date acquired Total Checkouts Full call number Barcode Date last seen Copy number Price effective from Koha item type
    Dewey Decimal Classification     London London Journal article 24/10/2008   L145597 145597-1001 06/08/2019 1 06/08/2019 Journal article